000
00271nam a2200121Ia 4500
001
28029
003
92719
005
20201025090901.0
008
||||||n9999 ||| || ||
245
0
_a
Sexualidad en la etiologia de las neurosis
562
_e
0
942
_c
CHAP
999
_c
28029
_d
28029